00626 2200229 4500001002100000005001700021008004100038020002200079035002400101082001200125090002400137100001900161245007200180250001100252260003100263300001900294650002500313850001600338980001400354985000600368999002200374YOGYA-0209000004686820090227031301.0 ind  a978-979-21-1622-9 0010-020900000046868 a270.082 a270.082bFlo TlDEP aFLON, Nancy de aThe davinci code and tradisi gerejacNancy de Flon, John Vidmar, OP aCet. 1 aYogyakartabKanisiusc2007 a168 hlmc21 cm aWanita dalam kristen aYOPDYOG (M) a14-1-2008 a1 aCB-D.11 2007-681h